Statistiques concernant Table de multiplication 50 x 50 en 50 minutes

Cliquez ici pour prendre le quiz!

Statistiques générales

  • Ce quiz a été pris 166 fois
  • Le résultat moyen est 1662 sur 2500

Statistiques - réponses

# % Correct
1
100%
16
99%
34
99%
42
99%
43
99%
44
99%
45
99%
29
99%
23
99%
22
99%
21
99%
20
99%
18
99%
17
99%
19
99%
8
99%
2
99%
12
99%
55
99%
10
99%
9
99%
3
99%
4
99%
5
99%
6
99%
7
99%
52
98%
41
98%
48
98%
46
98%
47
98%
60
98%
49
98%
50
98%
39
98%
40
98%
36
98%
38
98%
26
98%
11
98%
13
98%
37
98%
15
98%
24
98%
25
98%
14
98%
27
98%
28
98%
30
98%
31
98%
32
98%
33
98%
35
98%
90
97%
51
97%
75
97%
80
97%
70
97%
100
97%
66
97%
76
96%
85
96%
58
96%
57
96%
88
96%
54
96%
110
96%
95
94%
98
94%
105
94%
65
94%
74
94%
96
94%
56
94%
72
94%
78
94%
94
94%
62
94%
64
94%
82
94%
92
94%
86
94%
140
93%
130
93%
120
93%
81
93%
150
93%
68
93%
84
93%
99
93%
63
93%
69
93%
125
92%
165
92%
170
92%
104
92%
180
92%
250
92%
200
92%
135
92%
87
92%
77
92%
160
91%
300
91%
93
91%
190
91%
102
91%
145
91%
108
90%
115
90%
400
90%
155
90%
112
90%
220
90%
350
89%
450
89%
91
89%
121
89%
175
89%
185
89%
195
89%
240
89%
2500
89%
132
89%
144
89%
123
88%
210
88%
500
88%
230
88%
176
88%
600
88%
111
87%
129
87%
550
87%
225
87%
114
87%
280
87%
1000
87%
126
87%
700
87%
900
87%
800
87%
147
85%
270
85%
260
85%
2000
85%
156
85%
138
85%
152
85%
143
85%
148
85%
136
85%
124
85%
205
85%
750
85%
116
85%
290
84%
117
84%
650
84%
235
84%
168
84%
164
84%
245
84%
1500
84%
1200
84%
128
84%
215
84%
1050
84%
460
84%
440
84%
420
83%
330
83%
380
83%
470
83%
320
83%
340
83%
1300
83%
1900
83%
1700
83%
188
83%
184
83%
141
83%
1400
83%
1100
83%
1600
83%
1800
83%
950
83%
850
83%
154
83%
360
83%
480
82%
1250
82%
1350
82%
1950
82%
310
82%
1450
82%
370
82%
192
82%
390
82%
1150
82%
410
82%
2200
82%
430
82%
2250
82%
196
82%
172
82%
1650
81%
2350
81%
2450
81%
162
81%
2100
81%
2050
81%
119
81%
1850
81%
153
81%
490
81%
1550
81%
2400
81%
540
80%
133
80%
1750
80%
2150
80%
2300
80%
198
80%
520
80%
560
80%
660
79%
189
79%
187
79%
275
79%
960
78%
510
78%
580
78%
570
78%
171
78%
630
76%
375
76%
525
76%
161
76%
720
76%
675
75%
182
75%
980
75%
920
75%
325
75%
740
75%
620
75%
690
75%
640
75%
475
75%
315
75%
780
74%
840
74%
940
74%
760
74%
680
74%
255
74%
405
74%
222
74%
186
74%
264
73%
174
73%
860
73%
880
73%
169
73%
495
73%
930
73%
425
73%
207
73%
1120
73%
234
73%
1020
73%
990
73%
285
73%
820
73%
1080
72%
204
72%
1110
72%
297
72%
585
72%
216
72%
231
72%
209
72%
1040
72%
345
72%
870
71%
243
71%
555
71%
1140
71%
810
71%
258
71%
238
71%
385
71%
1230
71%
308
71%
1320
71%
1260
70%
333
70%
217
70%
273
70%
1240
70%
261
70%
294
70%
392
70%
465
70%
435
70%
1360
70%
1440
70%
203
70%
282
70%
1380
70%
1225
70%
272
70%
288
70%
414
70%
1290
70%
232
70%
246
69%
1280
69%
228
69%
1410
69%
252
69%
224
69%
1160
69%
276
69%
625
69%
1470
69%
1075
69%
1125
69%
1920
69%
352
69%
455
69%
441
69%
432
69%
1170
69%
266
69%
396
69%
256
69%
342
69%
384
69%
242
69%
279
69%
1175
67%
1760
67%
328
67%
369
67%
725
67%
1025
67%
286
67%
1840
67%
1480
67%
1960
67%
248
67%
259
67%
575
67%
351
67%
306
67%
344
67%
1520
67%
208
67%
735
67%
1560
67%
705
67%
343
67%
336
67%
645
67%
1640
66%
319
66%
322
66%
287
66%
301
66%
296
66%
1880
66%
423
66%
615
66%
875
66%
775
66%
253
66%
825
66%
324
66%
925
66%
975
66%
329
66%
387
66%
378
66%
1680
66%
1720
66%
368
65%
304
65%
376
65%
312
65%
456
64%
945
64%
444
64%
595
64%
374
63%
407
63%
451
63%
363
63%
462
62%
341
62%
539
62%
418
61%
429
61%
517
61%
506
61%
528
61%
473
61%
484
61%
221
61%
468
61%
665
60%
492
60%
770
60%
348
60%
855
60%
372
60%
765
60%
910
58%
247
58%
408
58%
588
58%
434
58%
1035
58%
516
57%
504
57%
416
56%
616
56%
552
56%
564
56%
406
56%
299
56%
532
55%
805
55%
1015
55%
576
55%
364
54%
338
54%
377
54%
481
54%
448
54%
289
54%
323
53%
403
53%
442
53%
574
53%
518
53%
476
53%
546
53%
1715
52%
644
52%
1215
52%
1395
52%
533
52%
1085
52%
496
51%
357
51%
637
51%
559
51%
1575
51%
507
51%
494
51%
602
51%
1305
51%
598
51%
1155
49%
1485
49%
1190
49%
686
49%
513
49%
777
49%
512
49%
464
49%
672
49%
624
49%
1620
49%
361
49%
658
49%
666
49%
572
49%
391
49%
1845
48%
656
48%
399
48%
437
48%
1330
48%
2025
48%
1295
48%
544
48%
2205
48%
611
48%
1645
48%
1610
48%
1540
48%
1530
48%
1365
48%
2160
47%
1980
47%
459
47%
1505
47%
1435
47%
608
46%
736
46%
592
46%
999
46%
704
46%
1665
46%
2115
46%
2070
46%
1935
46%
1890
46%
888
46%
1710
46%
589
46%
1755
46%
688
45%
567
45%
784
45%
483
45%
578
45%
779
44%
987
44%
931
44%
612
44%
741
44%
551
44%
752
44%
768
44%
493
44%
527
44%
522
44%
1029
43%
912
43%
646
43%
594
43%
798
43%
676
43%
714
43%
558
43%
1008
43%
882
43%
902
43%
561
43%
529
43%
486
43%
682
42%
703
42%
697
42%
627
42%
722
42%
684
42%
792
42%
836
42%
903
40%
817
40%
609
40%
924
40%
966
40%
638
40%
1012
40%
1034
40%
864
40%
702
40%
663
40%
756
40%
738
40%
648
40%
833
40%
828
39%
629
39%
984
39%
846
39%
731
39%
748
39%
861
39%
819
39%
782
39%
651
39%
799
39%
693
39%
874
39%
816
39%
1078
39%
893
39%
936
38%
899
38%
943
38%
814
38%
1056
38%
968
38%
1127
38%
774
38%
713
37%
726
37%
1104
37%
744
37%
621
37%
946
37%
858
36%
837
36%
696
36%
1176
36%
841
36%
754
36%
989
36%
897
35%
667
35%
1248
35%
1066
35%
1058
35%
728
35%
1032
35%
1152
35%
1323
35%
884
34%
868
34%
759
34%
1092
34%
806
34%
1102
34%
992
34%
1014
34%
1274
34%
1128
34%
1081
34%
1023
34%
1519
34%
1024
33%
1118
33%
961
33%
1116
33%
832
33%
1421
33%
928
33%
1148
33%
986
33%
1189
33%
988
33%
729
33%
1131
33%
1372
33%
1054
33%
851
31%
783
31%
1302
31%
1296
31%
1488
31%
2009
31%
1392
31%
1107
31%
1053
31%
812
31%
962
31%
1271
31%
1764
30%
1147
30%
1209
30%
957
30%
1134
30%
1144
30%
972
30%
1364
30%
1312
30%
1196
30%
2401
30%
1568
30%
1222
30%
1232
30%
1344
30%
1026
29%
918
29%
896
29%
1457
29%
1044
29%
952
29%
1036
29%
2156
29%
1073
29%
1064
29%
1813
29%
2058
29%
2107
29%
1426
29%
1911
29%
1178
29%
1666
29%
1088
29%
2254
29%
2352
29%
1333
29%
1617
29%
2303
29%
1862
28%
1288
28%
1269
28%
1242
28%
891
28%
1334
28%
1276
28%
1968
28%
1224
28%
1353
28%
1218
28%
1363
28%
2304
27%
1287
27%
1326
27%
1394
27%
1204
27%
1316
27%
1599
27%
1536
27%
1188
27%
1247
27%
1408
27%
1681
27%
1472
26%
1089
26%
1122
26%
1221
26%
1872
26%
1376
26%
1216
26%
1184
26%
1886
26%
1716
26%
1728
26%
1156
26%
1584
26%
2016
26%
1476
26%
1161
26%
1927
26%
1824
25%
1258
25%
1677
25%
1404
25%
1804
25%
1763
25%
1722
25%
2116
25%
1517
25%
1776
25%
1656
25%
1504
25%
1638
25%
1632
25%
1564
25%
1558
25%
2208
24%
2064
24%
2209
24%
2112
24%
1482
24%
1833
24%
1551
24%
1794
24%
1332
24%
1496
24%
1443
24%
1628
24%
1518
24%
1452
24%
1521
24%
1386
24%
1254
24%
1672
22%
1692
22%
2256
22%
1419
22%
1598
22%
2162
22%
1368
22%
1292
22%
1462
21%
1369
21%
1548
21%
1512
21%
1406
21%
1591
21%
1428
21%
1748
21%
2024
21%
1702
21%
1936
21%
1739
21%
1596
21%
1848
21%
2068
21%
1849
21%
1806
20%
1932
20%
1974
20%
1554
20%
1786
20%
1892
20%
1978
20%
1444
20%
1634
20%
2021
19%

Distribution des résultats

Percentile par nombre de réponses

% des personnes avec chaque résultat

Votre développement - résultats

Vous n’avez pas pris ce quiz